Electrochemistry: The Interfacing Science

Bibliographic Details
Main Author: Rand, D. A. J
Format: Section = Libro
Language:Undetermined
Spanish
Published: Amsterdam Elsevier 1984
Subjects:
LEADER 00506nam a2200193Ia 4500
008 240830s9999 xx 000 0 und d
020 |a 0-444-42304-4 
040 |a CEDOC FIQ-RUSB / 539 R186 
041 |a spa 
082 |a 539 R186 
100 1 |a Rand, D. A. J 
245 1 0 |a Electrochemistry: The Interfacing Science 
260 |a Amsterdam  |b Elsevier  |c 1984 
300 |a 482 p.: il. 
650 7 |a FISICOQUIMICA 
650 7 |b  ESTUDIOS DE SUPERFICIE DE ELECTRODOS 
942 |c BK  |2 ddc 
991 |a TEXTO 
999 |c 13377